=LDR 00000nam 2200000 4500 =001 INLIS000000000005792 =005 20130612094008 =008 ***********************************Ind** =035 ##$$0010-061300000005792 =041 ##$$a Ind =082 ##$$a 796.095 983 =090 ##$$a 796.095 983, Pro =245 ##$$a Topeng Betawi =260 ##$$a 1980 $b Jakarta =300 ##$$a iii, 117 hlm., ilus, 21 cm =650 ##$$a Topeng (Sandiwara) =850 ##$$a NBPNMAT